El otro amor de su vida

Salvato in:
Dettagli Bibliografici
Autore principale: Manjarrez, Héctor
Natura: Libro
Lingua:Undetermined
Pubblicazione: México, Distrito Federal Ediciones Era 1999
Soggetti:
Tags: Aggiungi Tag
Nessun Tag, puoi essere il primo ad aggiungerne!!

MARC

LEADER 00000nam a2200000Ia 4500
008 170316s9999 xx 000 0 und d
040 |a cru BVZT 
090 |a 860 M-4.2o 
100 |a Manjarrez, Héctor 
245 |a El otro amor de su vida 
260 |a México, Distrito Federal 
260 |b Ediciones Era 
260 |c 1999 
300 |a 155 páginas 
650 |a LITERATURA LATINOAMERICANA 
999 |c 8963  |d 8963 
942 |c 15 D  |h 860 M-4.2o  |2 z